000 01126nam a22002777a 4500
003 BPGM
005 20260626202526.0
008 260618e1989 mx k|||g |||| 001 0 spa d
035 _a968-6039-79-1
040 _bspa
041 _aspa
_hspa
082 0 4 _a333.197245 / U76
100 _aURQUIOLA PERMISAN, IGNACIO JOSE
_eAUTOR
245 _aHISTORIA DE LA CUESTION AGRARIA MEXICANA
_bESTADO DE QUERETARO
250 _aPRIMERA EDICION ;
_b1989
260 _aMEXICO ;
_bUNIVERSIDAD AUTONOMA DE QUERETARO ,
_c1989.
300 _a446 pagina ;
_c13.6 cm x 21 cm
336 _2rdacontent
_atexto
_btxt
337 _2rdamedia
_asin mediación
_bn
338 _2rdacarrier
_avolumen
_bnc
505 _aEL CENTRO DE ESTUDIOS DEL AGRARISMO EN MEXICO VA VERTEBRADO UN PROYECTO DE INVESTIGACION Y SOCIALAIZACION DE LA INFORMACION, CUYOS EJES PRINCIPALES ESTAN CONFORMADOS POR LA HISTORIA DE LA CUESTION AGRARIA A NIVEL NACIONAL Y LA CORRESPONDIENTE A LOS ESTADOS DE LA REPUBLICA.
650 _aCIENCIAS SOCIALES
650 _aCIENCIAS SOCIALES
650 _aECONOMÍA DE LA TIERRA Y DE LA ENERGÍA
942 _2ddc
_cCOLQ
999 _c68624
_d68624